Sylvester Stallone Movies Quiz Stats

 Plays Quiz Updated Sep 22, 2019

Score 0/56 Timer 10:00
0 Plays Today
Year Movie % Correct
1976Rocky
99%
1979Rocky II
96.9%
1982Rocky III
96.7%
1985Rocky IV
96.2%
2008Rambo
94.9%
1990Rocky V
93.5%
2018Creed II
88.3%
2015Creed
83.8%
1985Rambo: First Blood Part II
81.9%
2012The Expendables 2
79.6%
2006Rocky Balboa
77.8%
1988Rambo III
73.3%
1982First Blood
73%
2014The Expendables 3
71.3%
2019Rambo: Last Blood
65%
1995Judge Dredd
58.5%
1993Demolition Man
49.7%
1993Cliffhanger
48.3%
1989Tango & Cash
46.3%
1986Cobra
44.9%
2019Escape Plan: The Extractors
43.7%
2017Guardians of the Galaxy Vol. 2
43.3%
2018Escape Plan 2: Hades
41.1%
1992Stop! Or My Mom Will Shoot
38.2%
1997Cop Land
38.1%
2010The Expendables
37.5%
2013Escape Plan
37%
1987Over the Top
34.9%
Year Movie % Correct
2000Get Carter
31.5%
2013Grudge Match
27.8%
1996Daylight
24.8%
2012Bullet to the Head
24.3%
1995Assassins
23.4%
2003Spy Kids 3-D: Game Over
22.3%
1994The Specialist
22.2%
1991Oscar
21.9%
2001Driven
17.8%
1989Lock Up
15.9%
1984Rhinestone
15.8%
1981Victory
15.4%
1998Antz
15.4%
1981Nighthawks
15%
1978F.I.S.T
14.7%
1975Death Race 2000
14.3%
1974The Lords of Flatbush
12.4%
2002D-Tox
10.9%
1978Paradise Alley
8.7%
2011The Zookeeper
8.6%
2018Backtrace
8.3%
2016Ratchet and Clank
8%
2014Reach Me
7.8%
2002Avenging Angelo
7.8%
1975Capone
7.2%
2003Shade
6.5%
1970No Place to Hide
4.1%
1975Farewell, My Lovely
3.9%

You're not logged in!

Compare scores with friends on all Sporcle quizzes.
OR
Log In

Sporcle TV

Today on Sporcle TV


Watch our educational content, quiz creation guides, and fun videos on Sporcle TV.

Show Comments

Extras

Top Quizzes Today


Score Distribution

Your Account Isn't Verified!

In order to create a playlist on Sporcle, you need to verify the email address you used during registration. Go to your Sporcle Settings to finish the process.

Report this User

Report this user for behavior that violates our Community Guidelines.

Details: